| 000 | 00566nam a2200205Ia 4500 | ||
|---|---|---|---|
| 003 | OSt | ||
| 005 | 20260228111120.0 | ||
| 008 | 210210b1994 xxu||||| |||| 00| 0 eng d | ||
| 040 | _cAL | ||
| 041 | _aHindi | ||
| 082 | _a861/77 | ||
| 100 |
_aGUPTA (Siyaramsaran) _dगुप्ता (सियारामसरन) _9257163 |
||
| 245 |
_aMaurya vijay _bमौर्य विजय |
||
| 260 |
_aChirganv _bSahity Sadan _c1994 |
||
| 650 |
_avijay _9257164 |
||
| 650 |
_aMaurya _9257165 |
||
| 690 |
_aHindi Poetry _9257166 |
||
| 906 | _a023098 | ||
| 942 |
_2ddc _cBK |
||
| 999 |
_c147991 _d147991 |
||